| 000 | 00398nam a2200169Ia 4500 | ||
|---|---|---|---|
| 005 | 20250110051234.0 | ||
| 008 | 240331s9999 xx 000 0 und d | ||
| 020 | _a0375701133 | ||
| 082 |
_bLUK _a943.06 |
||
| 100 | _aLukacs, J | ||
| 245 | 4 | _aThe Hitler of history | |
| 260 |
_aNew York _bVintage Books _c1998 |
||
| 300 | _aXiv, 279 p ., | ||
| 650 | _aBiography | ||
| 650 | _aHistory | ||
| 942 | _cL | ||
| 999 |
_c3422 _d3422 |
||